000 00430nam a2200157Ia 4500
008 240729s9999 xx 000 0 und d
022 _a1072-6691
245 0 _aElectronic Journal of Differential Equations
260 _aUnited States
260 _bTexas State University
650 _a Mathematics
650 _aScience
856 _uhttps://doaj.org/toc/daf91ecc65be4654b8b6101798af0ff3
942 _2ddc
942 _cDOAJEJ
999 _c72435
_d72435
945 _a1
_bMadushi Gamage
_c1
_dMadushi Gamage